000 00319nam a22001337a 4500
008 190225b xxu||||| |||| 00| 0 eng d
020 _a0314008640
041 _aeng
080 _a338
100 _a52
101 _aMNG
245 _aThe Management and Control of Quality
_cEvans, J.R & Lindsay, W.M
942 _2udc
_cBK
999 _c54239
_d54239